Periodismo y ciudadanía / (Record no. 8423)
[ view plain ]
| 000 -CABECERA | |
|---|---|
| campo de control de longitud fija | 01034nam a22002417a 4500 |
| 003 - NÚMERO DE CONTROL | |
| campo de control | CO-NeUS |
| 005 - FECHA Y HORA DE ACTUALIZACIÓN | |
| 005 | 20201005123311.0 |
| 008 - LONGITUD FIJA | |
| campo de control de longitud fija | 140202b ck ||||| |||| 00| 0 spa d |
| 020 ## - INTERNATIONAL STANDARD BOOK NUMBER | |
| ISBN | 9583319317 |
| 040 ## - FUENTE DE CATALOGACIÓN | |
| Centro/agencia transcriptor | CO-NeUS |
| Centro catalogador/agencia de origen | CO-NeUS |
| Lengua de catalogación | español |
| Normas de descripción | rda |
| 100 1# - AUTOR PERSONAL | |
| nombre | Ortiz Charry, Gonzalo |
| 9 (RLIN) | 71639 |
| 245 10 - TÍTULO PROPIAMENTE DICHO | |
| título | Periodismo y ciudadanía / |
| Mención de responsabilidad, etc. | Gonzalo Ortiz Charry ... y otros ; Presentación Frank Priess |
| 264 ## - PIE DE IMPRENTA | |
| lugar (ciudad) | Santafé de Bogotá : |
| editorial | Fundación Konrad / |
| fecha | Cedal, 2000 |
| 300 ## - DESCRIPCIÓN FÍSICA | |
| Extensión | 114 página. ; 23 cm. |
| 505 00 - NOTA DE CONTENIDO | |
| Nota de contenido | Sociedad civil desde la ciencia política / Gonzalo Ortiz Charry -- Hacia una concepción del periodismo cívico participativo / Gladys Daza Hernández -- Periodismo cívico y academia / Rodolfo Prada Penagos -- Dimensión ética del periodismo en la cultura urbana / Juan José García Posada -- |
| 082 04 - CLASIFICACIÓN DECIMAL DEWEY | |
| Clasificación | 070.4 / |
| Clave de autor | O77p |
| 650 14 - MATERIA GENERAL | |
| Término de materia o nombre geográfico como elemento inicial | Periodismo |
| Subdivisión general | aspectos politicos |
| 9 (RLIN) | 127236 |
| 650 14 - MATERIA GENERAL | |
| Término de materia o nombre geográfico como elemento inicial | Periodismo civico |
| 9 (RLIN) | 127240 |
| 650 14 - MATERIA GENERAL | |
| Término de materia o nombre geográfico como elemento inicial | Politica y medios de comunicacion |
| 9 (RLIN) | 128096 |
| 650 14 - MATERIA GENERAL | |
| Término de materia o nombre geográfico como elemento inicial | Informacion publica |
| 9 (RLIN) | 113352 |
| 942 ## - PUNTO DE ACCESO ADICIONAL KOHA | |
| Fuente del sistema de clasificación o colocación | |
| Tipo de ítem koha | Libros |
| Parte de la signatura que corresponde a la clasificación (Parte de la clasificación) | 070.4 / |
| Sufijo de la signatura | O77p |
No items available.